K finančnej analýze Všeobecnej úverovej banky, a.s. na Slovensku

Na minha lista:
Detalhes bibliográficos
Autor principal: Kafková, Eva
Outros Autores: Kračinovský, Martin
Formato: Capítulo de Livro
Idioma:eslovaco
Tags: Adicionar Tag
Sem tags, seja o primeiro a adicionar uma tag!

MARC

LEADER 00000nla a2200000 4500
001 0157157
005 20240502083350.0
041 0 |a slo 
044 |a CZ 
245 1 0 |a K finančnej analýze Všeobecnej úverovej banky, a.s. na Slovensku  |c Eva Kafková, Martin Kračinovský 
100 1 |a Kafková, Eva 
700 1 |a Kračinovský, Martin